000
00331nam a2200133Ia 4500
008
231011s9999 xx 000 0 und d
041
_a
eng
082
_a
658.5
100
_a
Bhattacharyya D.K.
245
_a
Industrial Management [Bhattacharyya]
260
_b
Vikas Pub House New Delhi -
_c
2012
300
_a
528
365
_b
312
999
_c
901720
_d
901720